000 01523cam a2200313 a 4500
001 2943618
005 20030814191116.0
008 900227r19901955nyu b 001 0 eng
010 _a 90033977
020 _a0486662896 :
_c$11.95
040 _aDLC
_cDLC
_dDLC
041 1 _aeng
_hfre
050 0 0 _aQA320
_b.R54 1990
100 1 _aRiesz, Frigyes,
_d1880-1956.
240 1 0 _aLeçons d'analyse fonctionelle.
_lEnglish
245 1 0 _aFunctional analysis /
_cFrigyes Riesz and Béla Sz.-Nagy ; translated from the 2nd French edition by Leo F. Boron.
250 _aDover ed.
260 _aNew York :
_bDover Publications,
_c1990.
300 _axii, 504 p. ;
_c21 cm.
500 _aTranslation of: Leçons d'analyse fonctionelle.
500 _a"An unabridged republication of the work first published by Frederick Ungar Publishing Co., New York, in 1955. The appendix, Extensions of linear transformations in Hilbert space which extend beyond this space, separately published by Ungar in 1960, has been added to this edition"--T.p. verso.
504 _aIncludes bibliographical references (p. 491) and index.
650 0 _aFunctional analysis.
700 2 _aSz-Nagy, Béla,
_d1913-
906 _a7
_bcbc
_corignew
_d1
_eocip
_f19
_gy-gencatlg
942 _2lcc
_cBK
999 _c40059
_d40059